Fill in the Song Titles - Statistics

General Stats
  • This quiz has been taken 50 times
  • The average score is 9 of 20
Answer Stats
Answer % Correct
But here's my number, so {Call Me Maybe}
98%
You are the {Dancing Queen}, young and sweet, only seventeen
77%
I bless the rains down in {Africa}
74%
Oh, we're half way there, oh-oh, {Livin' On A Prayer}
74%
And then I saw her face, now {I'm A Believer}
67%
Eh, sexy lady, op, op-op-op, oppan {Gangnam Style}
56%
Can't read my, can't read my, no he can't read my {Poker Face}
53%
Now {Watch Me} whip, now {Watch Me} nae nae
53%
Everybody in the whole cell block, was dancin' to the {Jailhouse Rock}
51%
Been here all along, so why can't you see? {You Belong With Me}
44%
Workin' {9 To 5}, what a way to make a livin'
35%
All the {Single Ladies}, all the {Single Ladies}, all the {Single Ladies}, all the {Single Ladies}, all the {Single Ladies}, all the {Single Ladies}, all the {Single Ladies}, now put your hands up!
33%
It's {Murder On The Dancefloor}, but you better not kill the groove
33%
It's where I belong down at the {Pink Pony Club}, I'm gonna keep on dancing at the {Pink Pony Club}
28%
We are young, we run green, keep our teeth nice and clean, see our friends, see the sights, feel {Alright}
26%
I'm your {Venus}, I'm your fire, at your desire
16%
Come on, {Vogue}, let your body move to the music, hey, hey, hey
14%
Somebody went under a dock, and there they saw a rock! It wasn't a rock, it was a {Rock Lobster}!
14%
No no, no no no no, no no no no, no no there's {No Limit}
9%
People of the world today, are we looking for a better way of life? We are a part of the {Rhythm Nation}
2%
No matching quizzes found
Score Distribution
Percent of People with Each Score
Percentile by Number Answered
Your Score History
You have not taken this quiz